000 00485nam a22001457a 4500
999 _c524526
_d524526
008 231211b ||||| |||| 00| 0 eng d
100 _aBhatia, Swati
_946168
245 _aPlastic solutions: India needs along with recycling infrastructure to curb plastic pollution in rural India
260 _aDown to Earth
300 _a22(7), Aug 16-31, 2023: p.38-41
650 _aPlastic pollution , Rural India
_946169
773 _aDown to Earth
906 _aPOLLUTION
942 _cAR